000
00183 a2200097 4500
020
_a
1572574690
041
_a
spa
100
_a
Plater, inge
245
_a
El viaje en tren
942
_c
BK
999
_c
31932
_d
31930